[Event "SF-2012-0-00164"]
[Site "LSS email"]
[Date "2012.09.05"]
[Round "?"]
[White "Verich, Oleg"]
[Black "De Booy, Marco"]
[Result "0-1"]
[WhiteElo "1046"]
[BlackElo "1082"]
[PlyCount "124"]
[EventDate "2012.08.13"]
[EventType "tourn (corr)"]
[EventRounds "6"]
[EventCountry "GER"]
[SourceTitle "Telechess CBM 165"]
[Source "ChessBase"]
[SourceDate "2015.03.11"]
[SourceVersion "1"]
[SourceVersionDate "2015.03.11"]
[SourceQuality "1"]

1. d4 f5 2. c4 Nf6 3. Nc3 e6 4. Bg5 Be7 5. e3 0-0 6. Bd3 Qe8 7. Nge2 Qg6 8. Bxf6 Bxf6 9. Nf4 Qf7 10. 0-0 d6 11. Qb3 b6 12. a4 a5 13. Nb5 e5 14. dxe5 dxe5 15. Nd5 Na6 16. Qc2 e4 17. Be2 c6 18. Nxb6 Nb4 19. Qb3 Rb8 20. Nd6 Qe6 21. Ndxc8 Rbxc8 22. Nxc8 Rxc8 23. Rad1 c5 24. Qa3 Be5 25. b3 Qh6 26. g3 Qf6 27. Rd7 Bb2 28. Rd6 Bxa3 29. Rxf6 gxf6 30. Rd1 Nc6 31. Rd5 Ne7 32. Rd7 Kf7 33. Ra7 Bb4 34. Kg2 Rd8 35. h4 Ke6 36. Ra6+ Rd6 37. Rxd6+ Kxd6 38. Bh5 Nc6 39. Bf7 Ne5 40. Bg8 h6 41. Bh7 Ke6 42. Bg8+ Nf7 43. Kf1 Ke7 44. Bh7 Nd6 45. Ke2 Kf7 46. h5 Ke6 47. Bg8+ Ke5 48. Bd5 Ne8 49. Bf7 Nc7 50. Bg8 Ne6 51. Bf7 Ng5 52. Bg8 Nf3 53. Kd1 Ng1 54. Bf7 Nf3 55. Bg6 Nd2 56. Kc2 Nf3 57. Kd1 Nd4 58. exd4+ cxd4 59. Ke2 d3+ 60. Kd1 f4 61. g4 Kd4 62. Bf5 e3 0-1

[Event "SE-2012-0-00115"]
[Site "LSS email"]
[Date "2012.08.11"]
[Round "?"]
[White "De Booy, Marco"]
[Black "Cusu, Larth"]
[Result "0-1"]
[WhiteElo "1064"]
[BlackElo "1398"]
[PlyCount "60"]
[EventDate "2012.07.02"]
[EventType "tourn (corr)"]
[EventRounds "6"]
[EventCountry "GER"]
[SourceTitle "Telechess CBM 165"]
[Source "ChessBase"]
[SourceDate "2015.03.11"]
[SourceVersion "1"]
[SourceVersionDate "2015.03.11"]
[SourceQuality "1"]

1. e4 e5 2. Nf3 Nc6 3. Bb5 a6 4. Ba4 Nf6 5. 0-0 Be7 6. Re1 b5 7. Bb3 d6 8. c3 0-0 9. h3 h6 10. d4 Re8 11. d5 Na5 12. Bc2 c6 13. b4 Nc4 14. dxc6 Qc7 15. Nbd2 Nb6 16. a4 Qxc6 17. a5 Nc4 18. Nxc4 Qxc4 19. Bb2 Be6 20. Nd2 Qc6 21. Bb3 Bxb3 22. Qxb3 d5 23. exd5 Nxd5 24. Rxe5 Nf4 25. f3 Qg6 26. g4 Qd6 27. Rxe7 Rxe7 28. Ne4 Rxe4 29. Rd1 Ne2+ 30. Kf1 Qh2 0-1